EL PEQUEÑO TALLER (50 PROYECTOS APROBADOS)

में बचाया:
ग्रंथसूची विवरण
निगमित लेखक: OMEGA MANUALES
स्वरूप: सम्मेलन की कार्यवाही पुस्तक
टैग: टैग जोड़ें
कोई टैग नहीं, इस रिकॉर्ड को टैग करने वाले पहले व्यक्ति बनें!

MARC

LEADER 00000nam^a2200000^a^4500
001 000208622
005 20250521000000.0
009 20260310103256.136
035 |a 031730 
037 |a Acervo Xavier Clavigero 
082 |a 710.  |b OME 
111 2 |a OMEGA MANUALES 
245 1 3 |a EL PEQUEÑO TALLER (50 PROYECTOS APROBADOS) 
264 |a MEXICO :  |b MECANICA POPULAR,  |c 1963 
300 |a 256p. 
336 |a texto  |b txt  |2 rdacontenido 
337 |a sin mediación  |b n  |2 rdamedio 
338 |a volumen  |b nc  |2 rdasoporte 
649 |a XX 
910 |a Fondo General 
920 |a Impresos - Libros 
930 |a Colección General 
905 |a 101 
901 |a 031730  |b IT1  |c ACC  |i 031730  |u 20250521 
902 |a https://opac.biblio.iteso.mx/vufind/Record/000208622